000 00734cam a22002052 4500
001 0000006011
005 20151217155830.0
008 070912s xx 000 0 eng d
020 _a0896297373 :
_cKES 1,560
040 _aKABU
_cKABU
245 1 0 _aBiotechnology, agriculture, and food security in South Africa. /
_ced. by Steven Were Omamo and Klaus von Grebmer.
260 _aWashington D.C. :
_bIFPRT,
_c2005.
300 _aviii, 297 p.
650 0 _aAgricultural biotechnology
_xGovernment policy
_zAfrica, Southern.
_@0000157356
700 1 _aOmamo, Stephen Were.
_@0000157357
700 1 _aGrebmer, Klaus von.
_@0000157358
908 _a070912
950 _@1
999 _c13014
_d13014